Plus long fleuve par pays sur une carte - Statistiques

Statistiques générales
  • Ce quiz a été pris 646 fois
  • Le résultat moyen est 48 sur 178
Réponses sur la Carte
Les réponses sont colorées sur une échelle allant du rouge au vert en fonction du pourcentage des utilisateurs qui les ont devinées à leur premier essai. Vous pouvez retrouver ces pourcentages ci-dessous.
 
Statistiques - réponses
Fleuve % Correct
Rhin
94%
Amazone
91%
Nil
91%
Danube
90%
Euphrate
64%
Congo
62%
61%
Niger
59%
Mékong
56%
Grande rivière
54%
Missouri
54%
río Grande
54%
Yangtsé
52%
Zambèze
45%
Indus
42%
Tage
42%
Léna
35%
Sénégal
35%
Meuse
34%
Vistule
34%
Elbe
29%
Orange
28%
Yukon
26%
Brahmapoutre
24%
Dniepr
22%
río Paraná
22%
río Uruguay
21%
Murray
20%
Jourdain
18%
Severn
15%
Amou-Daria
14%
Moselle
13%
Gambie
12%
río Negro
11%
Volta
11%
Shannon
9%
Daugava
8%
Save
6%
Han
5%
Irtych
5%
Chari
4%
Drâa
4%
Glomma
4%
Niémen
4%
río Madeira
4%
Maritsa
3%
Araxe
2%
Belize
2%
Bénoué
2%
Chelif
2%
Drin
2%
Essequibo
2%
Kapuas
2%
Kemijoki
2%
Koura
2%
Ogooué
2%
Shinano
2%
Torne
2%
Vardar
2%
Ariège
1%
Artibonite
1%
Barka
1%
Belait
1%
Caam
1%
Cagayan
1%
Caroni
1%
Cascade
1%
Cavally
1%
Cayon
1%
Chébéli
1%
Coco
1%
Colonarie
1%
Constitution
1%
Corentyne
1%
Drina
1%
Finkol
1%
Gauja
1%
Goose
1%
Gudenå
1%
Kallang
1%
Karnali
1%
Komati
1%
Laclo Nord
1%
Layou
1%
Lempa
1%
Lunga
1%
Maliolio
1%
Manas
1%
Mangoky
1%
Marano
1%
Medjerda
1%
Moa
1%
Ngerdorch
1%
Ntem
1%
Oronte
1%
Pedieos
1%
Rajang
1%
Rewa
1%
ribeira Seca
1%
río Cáué
1%
río Cauto
1%
río Chuchunaque
1%
río Corubal
1%
río Loa
1%
río Minho
1%
río Putumayo
1%
río San Juan
1%
rivière du Tombeau
1%
Roseau
1%
Sepik
1%
Shire
1%
Tchou
1%
Þjórsá
1%
Tratringa
1%
Waikato
1%
Yalu
1%
Mahaweli
0%
Pendjari
0%
Sarakata
0%
Zhuoshui
0%
Aucun quiz correspondant
Distribution des résultats
% des personnes avec chaque résultat
Percentile par nombre de réponses
Votre historique - résultats
Vous n’avez pas pris ce quiz